Houses of Westeros by Coat of Arms - Picture Quiz - Statistics

General Stats
  • This quiz has been taken 798 times
    643 since last reset
  • The average score is 10 of 11
Answer Stats
Country % Correct
Stark
100%
Lannister
99%
Targaryen
98%
Baratheon
97%
Greyjoy
94%
Tully
93%
Tyrell
93%
Arryn
92%
Bolton
92%
Martell
91%
Frey
89%
No matching quizzes found
Score Distribution
Percent of People with Each Score
Percentile by Number Answered
Your Score History
You have not taken this quiz since the last reset